Statistics for Ariana Grande - just a little bit of your heart (lyrics)

Click here to take the quiz!

General Stats

  • This quiz has been taken 199 times
  • The average score is 314 of 340

Answer Stats

Just A Little Bit Of Your Heart% Correct
a
99%
Bridge | Verse 1 | Verse 2I
99%
bit
98%
heart
98%
just
98%
ChorusJust
98%
little
98%
of
98%
you
98%
your
98%
all
95%
is
95%
I'm
94%
i'm
94%
be
93%
for
93%
want
93%
ask
92%
know
90%
And
89%
asking
89%
don't
89%
where
89%
who
89%
been
88%
but
87%
But
87%
ever
87%
fool
87%
not
87%
oh
86%
Chorus | IntroOh
86%
the
86%
to
86%
need
85%
with
85%
you're
85%
you've
85%
that
84%
feel
83%
Cause
82%
only
82%
tell
82%
how
80%
I'll
80%
can
79%
even
79%
still
79%
what
79%
one
78%
her
77%
love
77%
say
77%
can't
76%
least
76%
none
76%
really
76%
think
76%
were
76%
at
75%
better
74%
than
74%
straight
73%
easy
72%
they
72%
nothing's
71%
babe
67%
mean
67%
that's
67%
heard
66%
words
66%
find
65%
yeah
60%

Score Distribution

Percentile by Number Answered

Percent of People with Each Score

Your Score History

You have not taken this quiz